Con el diablo adentro: pandillas, tiempo paralelo y poder

Saved in:
Bibliografiske detaljer
Hovedforfatter: Perea Restrepo, Carlos Mario (Author)
Format: Bog
Sprog:spansk
Udgivet: Cuernavaca Siglo XXI 2007
Udgivelse:1a. ed
Fag:
Tags: Tilføj Tag
Ingen Tags, Vær først til at tagge denne postø!

MARC

LEADER 00000cam a2200000 a 4500
001 UCG1943
003 CL-VaPUC
008 100531e20070000MX |||||||||||||||||spa|d
020 |a 9789682326899 
082 0 4 |a 364.36  |b PER  |2 21 
100 0 |a Perea Restrepo, Carlos Mario  |e author  |9 550070 
245 1 0 |a Con el diablo adentro: pandillas, tiempo paralelo y poder 
250 |a 1a. ed 
300 |a 342 p 
942 |c BK 
945 |d 20100531 00:00:00  |a dcastane 
260 |a Cuernavaca  |b Siglo XXI  |c 2007 
650 0 |a Delincuentes juveniles  |9 550071 
650 7 |a PANDILLAS  |2 CL-VaPUC  |9 550072 
650 0 |a Delincuencia juvenil  |9 311188 
583 |a last modification  |c 20140630 12:34:50  |k Rodrigo Vera 
999 |c 341191  |d 341189 
952 |0 0  |1 0  |4 0  |6 364_360000000000000_PER_2007  |7 0  |8 A  |9 436522  |a BIBGIM  |b BIBGIM  |d 2019-11-22  |i 4682459  |o 364.36 PER 2007  |p 4682459  |r 2025-01-15  |w 2019-11-22  |y BK  |k SSL 
952 |0 0  |1 0  |3 erb  |4 0  |6 364_360000000000000_PER_2007  |7 0  |8 R  |9 436523  |a BIBEDU  |b BIBEDU  |c MCIRC  |i 5087910  |o 364.36 PER 2007  |p 5087910  |r 2023-01-13  |w 2019-11-22  |y BK_R  |z Catalogado en:20140703  |k PSI